| 000 | 00669naa a2200169 i 4500 | ||
|---|---|---|---|
| 001 | 9127 | ||
| 003 | KOSZ 005 | ||
| 005 | 20180502131900.0 | ||
| 008 | 180317s2011 pl |000 0 eng | ||
| 040 |
_aKOSZ 005/HR _cKOSZ 005/HR |
||
| 100 | 1 |
_aYATSKO, Andriy _bPolitechnika Koszalińska - Wydział Inżynierii Lądowej, Środowiska i Geodezji. |
|
| 245 | 1 | 0 |
_aA correction method for projects of system safety from the risk minimization criterion _cAndrzej Yatsko. |
| 650 | 4 | _aGeometria. | |
| 650 | 4 | _aProgramowanie. | |
| 773 | 0 |
_iW: _tPrace Naukowe. Matematyka / Akademia im. Jana Długosza w Częstochowie. - _g2011, Z. 16, s. 95-100 |
|
| 942 |
_2UKD _cART |
||
| 999 |
_c9127 _d9127 |
||